| 000 | 01288cam a2200385 4500 | ||
|---|---|---|---|
| 008 | 000000n2000 000 0 eng u | ||
| 020 | _a0419253106 | ||
| 035 | _a(Sirsi) u105606 | ||
| 050 | _a692.8 | ||
| 100 | _aMurdoch, John | ||
| 245 | _aConstruction contracts : law and management. | ||
| 250 | _a3rd ed. | ||
| 260 |
_aLondon _bE & F N Spon _c2000 |
||
| 300 | _axxvi,381p. ; 24cm. | ||
| 350 | _a22.99 | ||
| 520 | _aA new edition of a standard textbook on the law, management and administration of construction contracts. Includes law and cases up to date to June 2000 taking into account changes made by the Woolf reforms. | ||
| 650 | _aCONSTRUCTION INDUSTRY | ||
| 650 | _aBUILT ENVIRONMENT-BUILDING CONTRACT FORMS | ||
| 650 | _aDESIGN AND BUILD | ||
| 650 | _aMANAGEMENT CONTRACTING | ||
| 650 |
_aCONSTRUCTION MANAGEMENT _96230 |
||
| 650 | _aProcurement-old | ||
| 650 | _aTENDERING | ||
| 650 | _aLIABILITY | ||
| 650 | _aCLAIMS | ||
| 650 |
_aInsurance _96249 |
||
| 650 | _aCONSTRUCTION (DESIGN AND MANAGEMENT) REGULATIONS 1994 | ||
| 650 | _aSUBCONTRACTS | ||
| 650 | _aNOMINATION | ||
| 650 | _aBUILDING DEFECTS | ||
| 650 |
_aDISPUTE RESOLUTION _96236 |
||
| 690 | _aBUILT ENVIRONMENT-BUILDING CONTRACT FORMS | ||
| 700 | _aHughes, Will | ||
| 942 | _n0 | ||
| 999 |
_c100442 _d100442 |
||